000 00745cam a2200265 a 4500
001 BD-DhSAU 2660
003 BD-DhSAU
005 20150129160324.0
008 980226s1997 ii b 001 0 eng
020 _a0195641655
040 _aBD-DhSAU
082 0 0 _a641.1
_222
_bANC
100 1 _aAntia, F. P.
245 1 0 _aClinical dietetics and nutrition /
_cF.P. Antia and Philip Abraham.
250 _a4th ed.
260 _aNew York :
_bOxford University Press ,
_c1997.
300 _axix, 524 p. :
_c25 cm.
504 _aIncludes bibliographical references and index.
590 _atamanna
650 0 _aDietetics.
650 0 _anutrition
650 0 _achemistry
700 1 _aAbraham, Philip
942 _2ddc
_cBOOK
999 _c2660
_d2660